<?xml version="1.0" encoding="UTF-8"?>
<record
    xmlns:xsi="http://www.w3.org/2001/XMLSchema-instance"
    xsi:schemaLocation="http://www.loc.gov/MARC21/slim http://www.loc.gov/standards/marcxml/schema/MARC21slim.xsd"
    xmlns="http://www.loc.gov/MARC21/slim">

  <leader>02118nam a22003617a 4500</leader>
  <datafield tag="952" ind1=" " ind2=" ">
    <subfield code="0">0</subfield>
    <subfield code="1">0</subfield>
    <subfield code="2">lcc</subfield>
    <subfield code="4">0</subfield>
    <subfield code="7">0</subfield>
    <subfield code="a">04</subfield>
    <subfield code="b">04</subfield>
    <subfield code="d">2013-08-16</subfield>
    <subfield code="l">1</subfield>
    <subfield code="o">QA152. 2 S84718 2011</subfield>
    <subfield code="p">05 001392</subfield>
    <subfield code="r">2023-06-14</subfield>
    <subfield code="s">2016-11-24</subfield>
    <subfield code="t">1</subfield>
    <subfield code="w">2013-08-16</subfield>
    <subfield code="y">LB</subfield>
  </datafield>
  <datafield tag="952" ind1=" " ind2=" ">
    <subfield code="0">0</subfield>
    <subfield code="1">0</subfield>
    <subfield code="2">lcc</subfield>
    <subfield code="4">0</subfield>
    <subfield code="7">0</subfield>
    <subfield code="a">04</subfield>
    <subfield code="b">04</subfield>
    <subfield code="d">2013-08-16</subfield>
    <subfield code="l">0</subfield>
    <subfield code="o">QA152. 2 S84718 2011</subfield>
    <subfield code="p">05 001393</subfield>
    <subfield code="r">2023-06-14</subfield>
    <subfield code="t">2</subfield>
    <subfield code="w">2013-08-16</subfield>
    <subfield code="y">LB</subfield>
  </datafield>
  <datafield tag="952" ind1=" " ind2=" ">
    <subfield code="0">0</subfield>
    <subfield code="1">0</subfield>
    <subfield code="2">lcc</subfield>
    <subfield code="4">0</subfield>
    <subfield code="7">0</subfield>
    <subfield code="a">04</subfield>
    <subfield code="b">04</subfield>
    <subfield code="d">2013-08-16</subfield>
    <subfield code="l">4</subfield>
    <subfield code="o">QA152. 2 S84718 2011</subfield>
    <subfield code="p">05 001394</subfield>
    <subfield code="r">2023-06-14</subfield>
    <subfield code="s">2015-01-27</subfield>
    <subfield code="t">3</subfield>
    <subfield code="w">2013-08-16</subfield>
    <subfield code="y">LB</subfield>
  </datafield>
  <datafield tag="952" ind1=" " ind2=" ">
    <subfield code="0">0</subfield>
    <subfield code="1">0</subfield>
    <subfield code="4">0</subfield>
    <subfield code="7">0</subfield>
    <subfield code="a">22</subfield>
    <subfield code="b">22</subfield>
    <subfield code="d">2014-01-07</subfield>
    <subfield code="l">0</subfield>
    <subfield code="o">QA152.2 S84718 </subfield>
    <subfield code="p">22 000168</subfield>
    <subfield code="r">2014-01-07</subfield>
    <subfield code="t">1</subfield>
    <subfield code="w">2014-01-07</subfield>
    <subfield code="y">LB</subfield>
  </datafield>
  <datafield tag="952" ind1=" " ind2=" ">
    <subfield code="0">0</subfield>
    <subfield code="1">0</subfield>
    <subfield code="4">0</subfield>
    <subfield code="7">0</subfield>
    <subfield code="a">03</subfield>
    <subfield code="b">03</subfield>
    <subfield code="d">2014-10-06</subfield>
    <subfield code="l">0</subfield>
    <subfield code="o">QA152.2 S84718 2011</subfield>
    <subfield code="p">03 007386</subfield>
    <subfield code="r">2014-10-06</subfield>
    <subfield code="t">1</subfield>
    <subfield code="w">2014-10-06</subfield>
    <subfield code="y">LB</subfield>
  </datafield>
  <datafield tag="952" ind1=" " ind2=" ">
    <subfield code="0">0</subfield>
    <subfield code="1">0</subfield>
    <subfield code="2">lcc</subfield>
    <subfield code="4">0</subfield>
    <subfield code="7">0</subfield>
    <subfield code="a">04</subfield>
    <subfield code="b">04</subfield>
    <subfield code="d">2014-11-11</subfield>
    <subfield code="l">0</subfield>
    <subfield code="o">QA152. 2 S84718 2011</subfield>
    <subfield code="p">04 004629</subfield>
    <subfield code="r">2014-11-11</subfield>
    <subfield code="t">1</subfield>
    <subfield code="w">2014-11-11</subfield>
    <subfield code="y">LB</subfield>
  </datafield>
  <datafield tag="952" ind1=" " ind2=" ">
    <subfield code="0">0</subfield>
    <subfield code="1">0</subfield>
    <subfield code="2">lcc</subfield>
    <subfield code="4">0</subfield>
    <subfield code="7">0</subfield>
    <subfield code="a">04</subfield>
    <subfield code="b">04</subfield>
    <subfield code="d">2015-04-16</subfield>
    <subfield code="l">1</subfield>
    <subfield code="o">QA152. 2 S84718 2011</subfield>
    <subfield code="p">05 001999</subfield>
    <subfield code="r">2023-02-10</subfield>
    <subfield code="s">2016-11-24</subfield>
    <subfield code="t">4</subfield>
    <subfield code="w">2015-04-16</subfield>
    <subfield code="y">LB</subfield>
  </datafield>
  <datafield tag="952" ind1=" " ind2=" ">
    <subfield code="0">0</subfield>
    <subfield code="1">0</subfield>
    <subfield code="2">lcc</subfield>
    <subfield code="4">0</subfield>
    <subfield code="7">0</subfield>
    <subfield code="a">04</subfield>
    <subfield code="b">04</subfield>
    <subfield code="d">2015-04-16</subfield>
    <subfield code="l">11</subfield>
    <subfield code="m">1</subfield>
    <subfield code="o">QA152. 2 S84718 2011</subfield>
    <subfield code="p">05 002000</subfield>
    <subfield code="r">2023-02-10</subfield>
    <subfield code="s">2018-03-23</subfield>
    <subfield code="t">5</subfield>
    <subfield code="w">2015-04-16</subfield>
    <subfield code="y">LB</subfield>
  </datafield>
  <datafield tag="952" ind1=" " ind2=" ">
    <subfield code="0">0</subfield>
    <subfield code="1">0</subfield>
    <subfield code="2">lcc</subfield>
    <subfield code="4">0</subfield>
    <subfield code="7">0</subfield>
    <subfield code="a">22</subfield>
    <subfield code="b">22</subfield>
    <subfield code="d">2017-11-27</subfield>
    <subfield code="l">1</subfield>
    <subfield code="o">QA152.2 S84718</subfield>
    <subfield code="p">22 000401</subfield>
    <subfield code="r">2018-06-07</subfield>
    <subfield code="s">2018-06-06</subfield>
    <subfield code="t">2</subfield>
    <subfield code="w">2017-11-27</subfield>
    <subfield code="y">LB</subfield>
  </datafield>
  <datafield tag="952" ind1=" " ind2=" ">
    <subfield code="0">0</subfield>
    <subfield code="1">0</subfield>
    <subfield code="2">lcc</subfield>
    <subfield code="4">0</subfield>
    <subfield code="7">0</subfield>
    <subfield code="a">01</subfield>
    <subfield code="b">01</subfield>
    <subfield code="d">2018-11-06</subfield>
    <subfield code="l">0</subfield>
    <subfield code="o">QA152.2 S86 2011</subfield>
    <subfield code="p">24 000861</subfield>
    <subfield code="r">2023-01-20</subfield>
    <subfield code="t">1</subfield>
    <subfield code="w">2018-11-06</subfield>
    <subfield code="y">LB</subfield>
  </datafield>
  <datafield tag="999" ind1=" " ind2=" ">
    <subfield code="c">91617</subfield>
    <subfield code="d">91617</subfield>
  </datafield>
  <controlfield tag="008">140107s2011    mx a   | |||| 00| 0 spa d</controlfield>
  <datafield tag="020" ind1=" " ind2=" ">
    <subfield code="a">13: 9780840068521</subfield>
  </datafield>
  <datafield tag="020" ind1=" " ind2=" ">
    <subfield code="a">10: 0840068522</subfield>
  </datafield>
  <datafield tag="020" ind1=" " ind2=" ">
    <subfield code="a">9786074816129</subfield>
  </datafield>
  <datafield tag="050" ind1="1" ind2="4">
    <subfield code="a">QA152.2</subfield>
    <subfield code="b">S84718</subfield>
  </datafield>
  <datafield tag="100" ind1=" " ind2=" ">
    <subfield code="a">Swokowski, Earl William</subfield>
    <subfield code="e">autor</subfield>
    <subfield code="d">, 1926</subfield>
  </datafield>
  <datafield tag="240" ind1=" " ind2=" ">
    <subfield code="a">Algebra and trigonometry with analytic geometry</subfield>
    <subfield code="l">espa&#xF1;ol</subfield>
  </datafield>
  <datafield tag="245" ind1="1" ind2=" ">
    <subfield code="a">&#xC1;lgebra y trigonometr&#xED;a con geometr&#xED;a anal&#xED;tica</subfield>
    <subfield code="c"> / Earl W. Swokowski, Jeffery A. Cole ; traducci&#xF3;n Patricia Soloriom G&#xF3;mez</subfield>
  </datafield>
  <datafield tag="250" ind1=" " ind2=" ">
    <subfield code="a">13a. Edici&#xF3;n</subfield>
  </datafield>
  <datafield tag="260" ind1=" " ind2=" ">
    <subfield code="a">M&#xE9;xico</subfield>
    <subfield code="b"> : Cengage Learning</subfield>
    <subfield code="c">, 2011</subfield>
  </datafield>
  <datafield tag="300" ind1=" " ind2=" ">
    <subfield code="a">xvii, 840 p&#xE1;ginas</subfield>
    <subfield code="b"> : ilustraciones, gr&#xE1;ficas</subfield>
  </datafield>
  <datafield tag="500" ind1=" " ind2=" ">
    <subfield code="a">Incluye: ap&#xE9;ndices (pp. 834-840)
Incluye: &#xED;ndice (A87-A96) </subfield>
  </datafield>
  <datafield tag="505" ind1="0" ind2=" ">
    <subfield code="a">Conceptos fundamentales de &#xE1;lgebra 
Ecuaciones y desigualdades 
Funciones gr&#xE1;ficas 
Funciones polinomiales y racionales 
Funciones inversas, exponenciales y logar&#xED;tmicas 
Las funciones trigonom&#xE9;tricas 
Trigonometr&#xED;a anal&#xED;tica 
Aplicaciones de trigonometr&#xED;a
Sistemas de ecuaciones y desigualdades 
Sucesiones, series y probabilidad 
Temas de geometr&#xED;a anal&#xED;tica </subfield>
  </datafield>
  <datafield tag="519" ind1=" " ind2=" ">
    <subfield code="a">Educaci&#xF3;n Mixta / </subfield>
    <subfield code="b">Inform&#xE1;tica / </subfield>
    <subfield code="c">&#xC1;lgebra (B12) / </subfield>
    <subfield code="d">(22 000168)</subfield>
  </datafield>
  <datafield tag="519" ind1=" " ind2=" ">
    <subfield code="a">Material Complementario / </subfield>
    <subfield code="b">Inform&#xE1;tica / </subfield>
    <subfield code="d">(22 000401)</subfield>
  </datafield>
  <datafield tag="519" ind1=" " ind2=" ">
    <subfield code="a">Plan Flexible / 
</subfield>
    <subfield code="b">Bachillerato T&#xE9;cnico en Contadur&#xED;a IPN / </subfield>
    <subfield code="c">Geometr&#xED;a y Trigonometr&#xED;a (N2-ll-4) / </subfield>
    <subfield code="d">(24 000861)</subfield>
  </datafield>
  <datafield tag="519" ind1=" " ind2=" ">
    <subfield code="a">Plan Flexible / </subfield>
    <subfield code="b">Inform&#xE1;tica / </subfield>
    <subfield code="c">C&#xE1;lculo (B14-4) / </subfield>
    <subfield code="d">(03 007386)</subfield>
  </datafield>
  <datafield tag="519" ind1=" " ind2=" ">
    <subfield code="a">Prepa UNAM / </subfield>
    <subfield code="b">Quinto A&#xF1;o / </subfield>
    <subfield code="c">Matem&#xE1;ticas V (1500) / </subfield>
    <subfield code="d">(05 001392, 05 001393) </subfield>
  </datafield>
  <datafield tag="519" ind1=" " ind2=" ">
    <subfield code="a">CCH / </subfield>
    <subfield code="b">&#xC1;lgebra y Geometr&#xED;a Anal&#xED;tica (1301) / </subfield>
    <subfield code="c">Matem&#xE1;ticas III  / </subfield>
    <subfield code="d">(05 001394, 05 001999) </subfield>
  </datafield>
  <datafield tag="519" ind1=" " ind2=" ">
    <subfield code="a">CCH / </subfield>
    <subfield code="b">&#xC1;lgebra y Geometr&#xED;a Anal&#xED;tica (1401) / </subfield>
    <subfield code="c">Matem&#xE1;ticas IV  / </subfield>
    <subfield code="d">(05 002000, 05 001392) </subfield>
  </datafield>
  <datafield tag="519" ind1=" " ind2=" ">
    <subfield code="a">Plan Flexible / </subfield>
    <subfield code="b">Inform&#xE1;tica / </subfield>
    <subfield code="c">Calculo (B14-4)  /  </subfield>
    <subfield code="d">(04 004629) </subfield>
  </datafield>
  <datafield tag="650" ind1=" " ind2="4">
    <subfield code="a">&#xC1;LGEBRA</subfield>
  </datafield>
  <datafield tag="650" ind1=" " ind2="4">
    <subfield code="a">TRIGONOMETR&#xCD;A</subfield>
  </datafield>
  <datafield tag="650" ind1=" " ind2="4">
    <subfield code="a">GEOMETR&#xCD;A ANAL&#xCD;TICA</subfield>
  </datafield>
  <datafield tag="700" ind1=" " ind2=" ">
    <subfield code="a">Cole, Jeffery A.</subfield>
    <subfield code="e">autor</subfield>
  </datafield>
  <datafield tag="700" ind1=" " ind2=" ">
    <subfield code="a">Solorio G&#xF3;mez, Patricia</subfield>
    <subfield code="e">traductor</subfield>
  </datafield>
  <datafield tag="942" ind1=" " ind2=" ">
    <subfield code="c">LB</subfield>
    <subfield code="2">lcc</subfield>
  </datafield>
</record>
